000 01411 am a2200433 a 4500
005 20241202093730.0
008 100809s1991||||ag a f |||| 001 0 spa d
020 _a9500203162
041 _aspa
092 _c616.8
_l27
_sFUS
100 1 _aFustinoni, Osvaldo.
_9405
245 _aSemiología del Sistema Nervioso /
_cOsvaldo Fustinoni
250 _a12a ed. revisada y aumentada.
260 _aBuenos Aires:
_bEl Ateneo;
_c1991.
300 _a540 p.
500 _aFustinoni, O., Fustinoni, O. (h) y Fustinoni, J. C. (1991). Semiología del Sistema Nervioso. (12a ed.). Buenos Aires : El Ateneo.
653 _aNociones de anatomía, fisiología y patología
653 _aPares craneanos
653 _aMotilidad
653 _aTono muscular
653 _aTrofismo
653 _aTaxia
653 _aPraxia
653 _aReflejos
653 _aMovimientos involuntarios
653 _aSensibilidad
653 _aSueño y conciencia
653 _aPalabra y lenguaje. Gnosia
653 _aExamenes especiales
653 _aSindromes neurológicos
653 _aSindromes vasculares
653 _aSindromes cognitivos
653 _aManifestaciones neurológicas de las principales afecciones del sistema nervioso
653 _aSemiología psiquiatrica
700 1 _aFustinoni, Osvaldo.
_c(h)
_9893
700 1 _aFustinoni, Juan Carlos.
_9406
930 _a1080
942 _2ddc
_cBK
999 _c583
_d583